Physical Chemistry a molecular Approach
Gespeichert in:
| Hauptverfasser: | , |
|---|---|
| Format: | Buch |
| Sprache: | Englisch |
| Veröffentlicht: |
University Science Books,
1997
|
| Ausgabe: | 1. vyd. |
| Tags: |
Keine Tags, Fügen Sie das erste Tag hinzu!
|
MARC
| LEADER | 00000nam a22000003a 4500 | ||
|---|---|---|---|
| 001 | stu283275 | ||
| 005 | 20150617230303.9 | ||
| 008 | 140130s1997------------------------eng-d | ||
| 020 | |a 978-0-935702-99 | ||
| 040 | |a STU |b slo | ||
| 041 | 0 | |a eng | |
| 080 | |a 541 | ||
| 100 | 1 | |a McQuarrie, Donald A. |4 aut | |
| 245 | 1 | |a Physical Chemistry a molecular Approach | |
| 250 | |a 1. vyd. | ||
| 260 | |b University Science Books, |c 1997 | ||
| 300 | |a 1360 s | ||
| 700 | 1 | |a Simon, John D. |4 aut | |
| 996 | |b 284J041964 |c J*116559 |l JJST |s P |a 0 |w stu283275_0001 | ||